00720nam a22002417a 45000010005000000030006000050050017000110080041000280200018000690400029000870500014001160820011001301000015001412450038001562600042001943000049002364900019002855050008003045200090003125210021004025210020004236500035004435461FISKH20241209154757.0241209b cb ||||| |||| 00| 0 eng d a9780531162217 aFISKHbengcFISKHdFISKH aQK49.S675 a582.13 aSouza, D.M aFreaky Flowers / cby D. M. Souza aNew York : bFrranklin Watts ;c2002. a63 pages : bcolor illustrations ;c24 cm .  a Watts Library aZ  aText and photographs describe the world's strangest or most unusual flowering plants.8 a1110 bLexile 8 aZ bRaz-Plus  aFlowers vJuvenile literature